000 00511nam a2200193Ia 4500
005 20250326140555.0
008 250326s9999 xx 000 0 und d
037 _aTextbook
040 _aFMSL
_beng
_cFMSL
041 _aeng
_2eng
084 _aX:51y7 N7
_qFMSL
100 _aStokes D
_9742607
245 0 _aMarketing: a case study approach
_cStokes D
250 _a2
260 _aUSA
_bUSA, Letts Educations
_c1997
300 _a349p
942 _cTB
_hX:51y7 N7
999 _c1286378
_d1286378